[Event "xeque-mate"]
[Site "http://www.queenalice.com/game.php?id=145967"]
[Date "2006.12.24"]
[Round "1"]
[White "panis_et_circenses"]
[Black "Malkmus"]
[Result "0-1"]
[WhiteElo "1530"]
[BlackElo "1668"]

1. e4 d5 2. Qf3 dxe4 3. Qxe4 Nf6 4. Qf3 e5 5. Bc4 Nc6 6. Qb3 Nd4 7. Qc3 Bb4 8.
Qd3 e4 9. Qg3 Nxc2+ 10. Kd1 Nxa1 11. Qxg7 Rf8 12. d3 Be6 13. Bh6 Rg8 14. Qxg8+
Nxg8 15. Bxe6 Qxd3+ 16. Nd2 Nxh6 17. Bc4 Qxd2# 0-1

[Event "play every day 1w1b please"]
[Site "http://www.queenalice.com/game.php?id=148499"]
[Date "2006.12.31"]
[Round "-"]
[White "Malkmus"]
[Black "kokkieschaak"]
[Result "1-0"]
[WhiteElo "1691"]
[BlackElo "1809"]

1. Nf3 Nc6 2. e4 d6 3. d4 Nf6 4. Nc3 Bg4 5. Bb5 Bd7 6. e5 dxe5 7. dxe5 Ng4 8.
Bf4 g6 9. h3 Nh6 10. Qd2 Nf5 11. O-O-O e6 12. g4 Nfe7 13. Rhe1 Bg7 14. Bh6 Rg8
15. Qf4 Qc8 16. Bxg7 Rxg7 17. Qd2 a6 18. Ba4 b5 19. Ne4 Nd5 20. Bb3 Nce7 21.
Nf6+ Kf8 22. Qh6 Ng8 23. Nxh7+ 1-0

[Event "Challenge"]
[Site "http://www.queenalice.com/game.php?id=151627"]
[Date "2007.1.8"]
[Round "-"]
[White "Malkmus"]
[Black "spawnwolfwolverine"]
[Result "1-0"]
[WhiteElo "1706"]
[BlackElo "1696"]

1. d4 e6 2. e4 d6 3. Be3 b6 4. Nf3 c6 5. Bd3 Ba6 6. Bxa6 Nxa6 7. Qe2 Nb8 8. O-O
Be7 9. c4 Nf6 10. Nc3 O-O 11. d5 cxd5 12. cxd5 e5 13. Rac1 a6 14. b4 Ng4 15. Bd2
h5 16. Rfd1 a5 17. bxa5 Rxa5 18. h3 Nf6 19. Qc4 Rc5 20. Qb3 Nh7 21. Be3 Rc8 22.
Na4 Rxc1 23. Rxc1 Bg5 24. Bxb6 Qf6 25. Rc7 Na6 26. Ra7 Nc5 27. Nxc5 dxc5 28.
Bxc5 Bh4 29. Bxf8 Nxf8 30. Ra8 g5 31. Qa3 Qg7 32. Nxh4 gxh4 33. d6 Kh7 34. Qf3
Kh6 35. Rxf8 Qxf8 36. Qf6+ Kh7 37. d7 Qe8 38. dxe8=N Kg8 39. Qg7# 1-0

[Event "xeque-mate 2"]
[Site "http://www.queenalice.com/game.php?id=170378"]
[Date "2007.2.18"]
[Round "1"]
[White "Malkmus"]
[Black "BigAlex"]
[Result "1-0"]
[WhiteElo "1763"]
[BlackElo "1930"]

1. e4 c5 2. Nf3 Nc6 3. Nc3 g6 4. d4 cxd4 5. Nxd4 Bg7 6. Be3 Nf6 7. Nxc6 bxc6 8.
e5 Ng8 9. Qd4 Qa5 10. f4 Nh6 11. Qc5 Qxc5 12. Bxc5 f6 13. exf6 Bxf6 14. O-O-O d6
15. Bd4 d5 16. Be2 Nf5 17. Bc5 Ng7 18. Rhf1 Ne6 19. Bg1 Kf7 20. f5 gxf5 21. Rxf5
Rg8 22. Bh5+ Kf8 23. g3 Ng7 24. Rxf6+ exf6 25. Bc5# 1-0

[Event "xeque-mate"]
[Site "http://www.queenalice.com/game.php?id=172155"]
[Date "2007.2.21"]
[Round "2"]
[White "Malkmus"]
[Black "ray"]
[Result "1-0"]
[WhiteElo "1788"]
[BlackElo "1724"]

1. e4 c5 2. c3 Nc6 3. d4 cxd4 4. cxd4 g6 5. d5 Nb8 6. Nf3 Bg7 7. Nc3 e6 8. Nb5
Qa5+ 9. Bd2 Qb6 10. Be3 Qd8 11. Rc1 Na6 12. Nd6+ Ke7 13. Qb3 Qa5+ 14. Bd2 Qd8
15. Bxa6 bxa6 16. Bb4 Nf6 17. Nb7+ Ke8 18. Nxd8 Kxd8 19. Qc4 Bh6 20. Qc7+ Ke8
21. Qxc8+ 1-0

[Event "Challenge"]
[Site "http://www.queenalice.com/game.php?id=189146"]
[Date "2007.3.29"]
[Round "-"]
[White "arq40"]
[Black "Malkmus"]
[Result "0-1"]
[WhiteElo "1820"]
[BlackElo "1825"]

1. e4 d5 2. exd5 Qxd5 3. Nc3 Qd6 4. d4 Nf6 5. Nf3 Nc6 6. Be2 Bg4 7. Nb5 Qd7 8.
d5 Bxf3 9. Bxf3 Ne5 10. Be2 O-O-O 11. c4 a6 12. Nc3 e6 13. Bg5 Bb4 14. Qc2 exd5
15. O-O-O Bxc3 16. Bxf6 gxf6 17. Rxd5 Bxb2+ 18. Qxb2 Qf5 19. Rhd1 Rxd5 20. Rxd5
Qxf2 21. Rd2 Qxg2 22. Qd4 Rg8 23. Qa7 Qg1+ 24. Qxg1 Rxg1+ 25. Kb2 Rg2 26. Kc2
Rxh2 27. a4 f5 28. Kc3 h5 29. Bd1 Rxd2 30. Kxd2 h4 31. Bc2 Nxc4+ 32. Ke2 Nd6 33.
Kf3 c5 34. Kf4 Kd7 35. Bd3 c4 36. Bxc4 Nxc4 37. Kxf5 h3 0-1

[Event "xeque-mate 2"]
[Site "http://www.queenalice.com/game.php?id=196931"]
[Date "2007.4.14"]
[Round "2"]
[White "Luciano_Matte"]
[Black "Malkmus"]
[Result "0-1"]
[WhiteElo "2001"]
[BlackElo "1801"]

1. c4 e5 2. Nc3 Nf6 3. g3 d5 4. cxd5 Nxd5 5. Bg2 Nxc3 6. bxc3 Nc6 7. Nf3 e4 8.
Nd4 Nxd4 9. cxd4 Qxd4 10. Rb1 Bc5 11. e3 Qc4 12. Bb2 Bf8 13. Qh5 Be6 14. Qe5
O-O-O 15. Qxe4 Qxe4 16. Bxe4 c6 17. a3 f5 18. Bf3 Rd3 19. Be2 Rb3 20. O-O Rg8
21. a4 Rb4 22. a5 Ba2 0-1

[Event "xeque-mate"]
[Site "http://www.queenalice.com/game.php?id=204607"]
[Date "2007.5.1"]
[Round "3"]
[White "Malkmus"]
[Black "Ernani"]
[Result "1-0"]
[WhiteElo "1841"]
[BlackElo "1991"]

1. e4 e5 2. Nc3 Nc6 3. Nf3 d6 4. d4 exd4 5. Nxd4 Nxd4 6. Qxd4 Bd7 7. Be2 Qf6 8.
Qb4 Rb8 9. O-O Nh6 10. Nd5 Qd8 11. Bxh6 gxh6 12. Qc3 c6 13. Nf6+ Ke7 14. Nxd7
Rg8 15. Nxb8 Qxb8 16. Qb3 Qc8 17. Bh5 Rg7 18. Rad1 b5 19. Qa3 Qc7 20. e5 Kd7 21.
exd6 Bxd6 22. Rxd6+ Qxd6 23. Rd1 Qxd1+ 24. Bxd1 1-0

[Event "xeque-mate 2"]
[Site "http://www.queenalice.com/game.php?id=277187"]
[Date "2007.9.26"]
[Round "3"]
[White "Malkmus"]
[Black "Blackangel"]
[Result "0-1"]
[WhiteElo "1863"]
[BlackElo "1967"]

1. e4 c5 2. d4 cxd4 3. Qxd4 a6 4. Bd2 d6 5. Nc3 Nc6 6. Qa4 Nf6 7. Bb5 Bd7 8. Bd3
b5 9. Qb3 e6 10. O-O-O Nd4 11. Qb4 e5 12. b3 d5 13. Qxf8+ Rxf8 14. exd5 Qa5 15.
Nxb5 Qxa2 16. c3 Nxb3# 0-1

[Event "Challenge"]
[Site "http://www.queenalice.com/game.php?id=288676"]
[Date "2007.10.18"]
[Round "-"]
[White "Blackangel"]
[Black "Malkmus"]
[Result "1-0"]
[WhiteElo "1979"]
[BlackElo "1851"]

1. e4 d5 2. exd5 e6 3. dxe6 Bxe6 4. Nf3 Bd6 5. d4 Nf6 6. c3 Nbd7 7. Be2 O-O 8.
O-O Ng4 9. Qc2 h6 10. c4 c6 11. Nc3 Qc7 12. h3 Bh2+ 13. Kh1 Ndf6 14. hxg4 Nxg4
15. Ne4 Bf5 16. Nf6+ gxf6 17. Qxf5 Nxf2+ 18. Rxf2 Bg3 19. Bd3 Rfe8 20. Bxh6 1-0

[Event "Challenge"]
[Site "http://www.queenalice.com/game.php?id=299789"]
[Date "2007.11.7"]
[Round "-"]
[White "Blackangel"]
[Black "Malkmus"]
[Result "1-0"]
[WhiteElo "1984"]
[BlackElo "1831"]

1. e4 d5 2. exd5 e6 3. dxe6 Bxe6 4. Nf3 Nc6 5. d4 Nf6 6. Bb5 Bd7 7. O-O Bd6 8.
Re1+ Be6 9. Bg5 a6 10. Ba4 O-O 11. c3 h6 12. Bxf6 Qxf6 13. d5 b5 14. Bb3 Ne5 15.
Nxe5 Bxe5 16. dxe6 fxe6 17. Qe2 Rad8 18. Rf1 c5 19. Nd2 c4 20. Bc2 Qg5 21. Nf3
Qg4 22. Rae1 Rf7 23. Nxe5 Rxf2 24. Qxf2 Qh5 25. Qf7+ Qxf7 26. Nxf7 Rd2 27. Rf2
Rxf2 28. Kxf2 Kxf7 29. Re5 Kf6 30. Rc5 g5 31. Rc6 a5 32. Ra6 a4 33. Rb6 a3 34.
bxa3 1-0

[Event "Challenge"]
[Site "http://www.queenalice.com/game.php?id=299790"]
[Date "2007.11.7"]
[Round "-"]
[White "Malkmus"]
[Black "Blackangel"]
[Result "0-1"]
[WhiteElo "1840"]
[BlackElo "1971"]

1. d4 d5 2. e3 Bf5 3. Bd3 Bxd3 4. cxd3 Nf6 5. Qa4+ Nc6 6. Nf3 e6 7. Ne5 Qd6 8.
O-O Be7 9. Nc3 a6 10. b3 O-O 11. Ba3 Qxa3 12. Nxc6 bxc6 13. Qxc6 Bb4 14. Nb1 Qb2
15. Nc3 Qxc3 16. Qxc3 Bxc3 17. g3 Bxa1 18. Rxa1 Rfc8 19. h4 c5 20. Rc1 cxd4 21.
Rxc8+ Rxc8 22. exd4 Rc2 23. a4 Rb2 24. f4 Rxb3 25. Kh2 Rxd3 26. Kh3 Rxd4 27. a5
Ra4 28. Kg2 Rxa5 29. Kf3 d4 0-1

[Event "MALKMUS"]
[Site "http://www.queenalice.com/game.php?id=310733"]
[Date "2007.11.26"]
[Round "-"]
[White "foda"]
[Black "Malkmus"]
[Result "0-1"]
[WhiteElo "1317"]
[BlackElo "1829"]

1. e4 d5 2. exd5 Qxd5 3. Nc3 Qf5 4. Bd3 Qf6 5. Nf3 e5 6. Bb5+ Bd7 7. d3 Nc6 8.
Bxc6 Bxc6 9. Bg5 Qd6 10. O-O Be7 11. Bh4 Bxh4 12. Nxh4 O-O-O 13. Nf5 Qc5 14.
Nxg7 Qb4 15. a3 Qh4 16. Nf5 Qg5 17. Ng3 Nh6 18. Qh5 Qg7 19. Rfe1 f5 20. Re2 f4
21. Nf5 Qxg2# 0-1

[Event "o_O"]
[Site "http://www.queenalice.com/game.php?id=314772"]
[Date "2007.12.4"]
[Round "-"]
[White "Malkmus"]
[Black "Blackangel"]
[Result "0-1"]
[WhiteElo "1821"]
[BlackElo "1956"]

1. e4 e5 2. Nf3 Nc6 3. Bc4 Nf6 4. d4 exd4 5. O-O Bc5 6. e5 Ng8 7. Bg5 Nge7 8.
Qd2 h6 9. Qf4 Rf8 10. Bxe7 Qxe7 11. Nbd2 b6 12. Ne4 Bb7 13. Nxc5 bxc5 14. Qg3 g6
15. Rfe1 O-O-O 16. h3 Nb4 17. Re2 Rde8 18. a3 Nc6 19. Rd1 g5 20. h4 gxh4 21.
Nxh4 Na5 22. Nf5 Qg5 23. Qxg5 hxg5 24. Bb5 a6 25. Ba4 Nc4 26. Rde1 Nxb2 27. Bb3
Bc6 28. Rb1 Na4 29. Rbe1 Nc3 30. Rd2 f6 31. e6 d5 32. Ng7 Re7 33. Nf5 Rh7 34. e7
Rfh8 35. g3 Rh1+ 36. Kg2 R8h2+ 37. Kf3 Rxe1 38. a4 Re4 39. g4 Rf4+ 40. Kg3 Rh8
41. f3 Bd7 42. Ng7 c4 43. Rh2 Rg8 44. Nh5 cxb3 45. cxb3 Rh8 46. Nxf4 Rxh2 47.
Kxh2 gxf4 48. Kh3 d3 0-1

[Event "Heaven vs Hell-2"]
[Site "http://www.queenalice.com/game.php?id=355308"]
[Date "2008.2.16"]
[Round "1"]
[White "Malkmus"]
[Black "Blackangel"]
[Result "0-1"]
[WhiteElo "1810"]
[BlackElo "1939"]

1. e4 e5 2. d4 exd4 3. Qxd4 Nc6 4. Qe3 Nf6 5. Qf3 Bc5 6. Nc3 O-O 7. Qg3 Re8 8.
Bg5 Nxe4 9. Nxe4 Rxe4+ 10. Be2 f6 11. f3 Rxe2+ 12. Nxe2 fxg5 13. O-O-O d6 14. f4
g4 15. Qb3+ Kh8 16. Rhe1 Qf6 17. Nc3 Qxf4+ 18. Rd2 Ne5 19. Nd5 Qf7 20. a3 c6 21.
Rdd1 Be6 22. Rf1 Qd7 23. c4 cxd5 24. cxd5 Bf7 25. h3 Rc8 26. Kb1 b6 27. hxg4
Nxg4 28. Qh3 Bg6+ 29. Ka2 Qa4 30. Qf3 Qc4+ 31. b3 Qc2+ 0-1

[Event "o_O"]
[Site "http://www.queenalice.com/game.php?id=376857"]
[Date "2008.3.25"]
[Round "-"]
[White "Malkmus"]
[Black "Blackangel"]
[Result "1-0"]
[WhiteElo "1810"]
[BlackElo "1958"]

1. e4 e5 2. Nf3 Nc6 3. Bb5 Bc5 4. c3 Nge7 5. O-O O-O 6. d4 exd4 7. cxd4 Bb4 8.
Qb3 d5 9. Bxc6 Nxc6 10. exd5 Nxd4 11. Nxd4 Bd6 12. Be3 Qh4 13. f4 Re8 14. Na3 g5
15. Nf3 Qh5 16. fxg5 b6 17. Nb5 Rxe3 18. Qxe3 Bc5 19. Nbd4 Bb7 20. Ne5 Bxd5 21.
Nd7 Bxd4 22. Qxd4 Qxg5 23. Nf6+ Kf8 24. Nxd5 Rd8 25. Qh8+ Qg8 26. Rxf7+ Kxf7 27.
Qf6+ Ke8 28. Qe7# 1-0

[Event "Let's Play Chess!"]
[Site "http://www.queenalice.com/game.php?id=839261"]
[Date "2010.9.28"]
[Round "-"]
[White "Malkmus"]
[Black "spawnwolfwolverine"]
[Result "0-1"]
[WhiteElo "1818"]
[BlackElo "1627"]

1. e4 e5 2. d3 d6 3. Nf3 b6 4. Nc3 Bb7 5. Be3 Nc6 6. d4 exd4 7. Nxd4 Nxd4 8.
Bxd4 Nf6 9. Bd3 Be7 10. O-O O-O 11. b3 c5 0-1